Вяжем шапки, варежки, перчатки, тапочки, носки (Запись № 9760008)

Подробности
000 -МАРКЕР
контрольное поле 01515nam0a2200349 i 4500
001 - ИДЕНТИФИКАТОР ЗАПИСИ
контрольное поле RU\NLR\BIBL_A\010411335
005 - ИДЕНТИФИКАТОР ВЕРСИИ
контрольное поле 20241114232413.0
010 ## - МЕЖДУНАРОДНЫЙ СТАНДАРТНЫЙ НОМЕР КНИГИ (ISBN)
Номер (ISBN) 9785170836116
Уточнения "Изд-во АСТ"
Тираж 2000
021 ## - НОМЕР ГОСУДАРСТВЕННОЙ РЕГИСТРАЦИИ
Код страны российская федерация
Номер 2014-31012
Номер Листа государственной регистраци 1900
035 ## - ДРУГИЕ СИСТЕМНЫЕ НОМЕРА
Идентификатор записи (NILC)RuMoRGB-006808765
035 ## - ДРУГИЕ СИСТЕМНЫЕ НОМЕРА
Идентификатор записи (NLR Aleph) 010411335
100 ## - ДАННЫЕ ОБЩЕЙ ОБРАБОТКИ
Данные общей обработки 20140702d2014 um y0rusy50 ca
101 1# - ЯЗЫК РЕСУРСА
Язык текста, звукозаписи и т.д. русский
Язык оригинала немецкий
102 ## - СТРАНА ПУБЛИКАЦИИ ИЛИ ПРОИЗВОДСТВА
Страна публикации российская федерация
105 ## - ПОЛЕ КОДИРОВАННЫХ ДАННЫХ: ТЕКСТОВЫЕ МАТЕРИАЛЫ, МОНОГРАФИЧЕСКИЕ
Кодированные данные о монографическом текстовом документе a|||z||||00yy
200 1# - ЗАГЛАВИЕ И СВЕДЕНИЯ ОБ ОТВЕТСТВЕННОСТИ
Основное заглавие Вяжем шапки, варежки, перчатки, тапочки, носки
Сведения, относящиеся к заглавию [для мужчин, женщин и детей
Первые сведения об ответственности пер. с нем. Л. Кайсаровой]
210 ## - ПУБЛИКАЦИЯ, РАСПРОСТРАНЕНИЕ И ДР.
Место издания, распространения и т.д. Москва
Имя издателя, распространителя и т. д. АСТ
-- Кладезь
Дата издания, распространения и т.д. 2014
215 ## - ФИЗИЧЕСКАЯ ХАРАКТЕРИСТИКА
Специфическое обозначение материала и объем 191, [1] с.
Другие сведения о физической характеристике цв. ил.
Размеры 24
225 1# - СЕРИЯ
Основное заглавие серии Лучшие модели для рукоделия
606 1# - НАИМЕНОВАНИЕ ТЕМЫ КАК ПРЕДМЕТ
Наименование темы Тапки
Тематический подзаголовок Вязание
Системный номер авторитетной/нормативной записи 2105315
Идентификатор авторитетной/нормативной записи RU\NLR\AUTH\661576479
606 ## - НАИМЕНОВАНИЕ ТЕМЫ КАК ПРЕДМЕТ
Наименование темы Головные уборы
Тематический подзаголовок Вязание
Системный номер авторитетной/нормативной записи 2137131
Идентификатор авторитетной/нормативной записи RU\NLR\AUTH\661592934
606 ## - НАИМЕНОВАНИЕ ТЕМЫ КАК ПРЕДМЕТ
Наименование темы Перчатки
Тематический подзаголовок Вязание
Системный номер авторитетной/нормативной записи 2162044
Идентификатор авторитетной/нормативной записи RU\NLR\AUTH\661605692
606 ## - НАИМЕНОВАНИЕ ТЕМЫ КАК ПРЕДМЕТ
Наименование темы Чулочно-носочные изделия
Тематический подзаголовок Вязание
Системный номер авторитетной/нормативной записи 2628377
Идентификатор авторитетной/нормативной записи RU\NLR\AUTH\661564937
606 ## - НАИМЕНОВАНИЕ ТЕМЫ КАК ПРЕДМЕТ
Наименование темы Варежки
Тематический подзаголовок Вязание
Системный номер авторитетной/нормативной записи 2628383
Идентификатор авторитетной/нормативной записи RU\NLR\AUTH\661564943
686 1# - ИНДЕКСЫ ДРУГИХ КЛАССИФИКАЦИЙ
Индекс М483
702 #1 - ИМЯ ЛИЦА - ВТОРИЧНАЯ ОТВЕТСТВЕННОСТЬ
Код отношения Переводчик
Начальный элемент ввода Кайсарова
Часть имени, кроме начального элемента ввода Л . И.
Даты 1958-
Расширение инициалов личного имени Людмила Ивановна
Системный номер авторитетной/нормативной записи 135338
Идентификатор авторитетной/нормативной записи RU\NLR\AUTH\770135373
801 #0 - ИСТОЧНИК ЗАПИСИ
Страна российская федерация
Организация РГБ
Дата составления 20140423
Правила каталогизации RCR
942 ## - ДОПОЛНИТЕЛЬНЫЕ ЭЛЕМЕНТЫ ЗАПИСИ (АБИС)
Тип экземпляра АБИС Книга
980 ## - КОЛЛЕКЦИЯ
Название коллекции НБР

Нет доступных экземпляров.